Loading...
History - Euro History | 2 | 2 | 2 | 1 | 40 | 25 | 75.75 | 2 | 4 |
Other - Pop Culture | 0 | 3 | 0 | 2 | 30 | 122 | 132.00 | 1 | 3 |
Literature - British Lit | 0 | 3 | 0 | 2 | 30 | 94 | 125.67 | 1 | 3 |
Other - Other Academic | 1 | 1 | 0 | 0 | 25 | 32 | 70.50 | 1 | 2 |
Arts - Painting | 1 | 1 | 1 | 0 | 20 | 82 | 83.00 | 0 | 2 |
Beliefs - Religion | 0 | 1 | 0 | 0 | 10 | 67 | 67.00 | 0 | 1 |
History - American History | 0 | 1 | 0 | 1 | 10 | 135 | 135.00 | 0 | 1 |
Thought - Social Science | 0 | 1 | 0 | 0 | 10 | 124 | 124.00 | 0 | 1 |
Other - Geo/CE | 0 | 1 | 0 | 1 | 10 | 126 | 126.00 | 0 | 1 |
Literature - Euro Lit | 0 | 1 | 0 | 0 | 10 | 108 | 108.00 | 0 | 1 |
History - World History | 0 | 1 | 1 | 1 | 5 | 126 | 126.00 | 1 | 1 |
Literature - American Lit | 0 | 0 | 1 | 0 | -5 | 0.00 | 0 | 0 | |
Arts - Other Arts | 0 | 0 | 1 | 0 | -5 | 0.00 | 0 | 0 | |
Literature - World Lit | 0 | 0 | 1 | 0 | -5 | 0.00 | 0 | 0 | |
History - Other History | 0 | 0 | 3 | 0 | -15 | 0.00 | 0 | 0 |